Polyelektrolytové mikrokapsuly: charakterizácia povrchu a príprava interným gélovaním v emulzii
Salvato in:
| Autore principale: | |
|---|---|
| Altri autori: | |
| Natura: | Manoscritto Libro |
| Lingua: | slovacco |
| Soggetti: | |
| Accesso online: | http://is.stuba.sk/zp/portal_zp.pl?podrobnosti=67311 |
| Tags: |
Nessun Tag, puoi essere il primo ad aggiungerne!!
|
MARC
| LEADER | 00000ntm a22000003a 4500 | ||
|---|---|---|---|
| 001 | stuzp15805 | ||
| 003 | SK-STU | ||
| 005 | 20160229160050.3 | ||
| 007 | ta | ||
| 008 | 150427s2015----xo-----f-mn---000-0-slo-d | ||
| 040 | |a STU |b slo | ||
| 041 | 0 | |a slo | |
| 100 | 1 | |a Treľová, Dušana |u 049370 |4 aut |U FCHPT Ústav prírodných a syntetických polymérov |T FCHPT Oddelenie plastov a kaučuku |X 21527 |U C9370 |Y 128 |7 21527 | |
| 242 | 0 | 1 | |a Polyelectrolyte microcapsules: surface characterization and preparation using internal gelation in emulsion |y eng |
| 245 | 1 | 0 | |a Polyelektrolytové mikrokapsuly: charakterizácia povrchu a príprava interným gélovaním v emulzii |
| 650 | 4 | |a mikrokapsuly |2 slo | |
| 650 | 4 | |a polyelektrolytová komplexácia |2 slo | |
| 650 | 4 | |a povrchové vlastnosti |2 slo | |
| 650 | 4 | |a fyzikálno-chemická charakterizácia |2 slo | |
| 650 | 4 | |a interné gélovanie v emulzii |2 slo | |
| 650 | 4 | |a polymérne mikrokapsuly |2 slo | |
| 650 | 4 | |a enkapsulácia |2 slo | |
| 650 | 4 | |a enkapsulácia pankreatických ostrovčekov |2 slo | |
| 650 | 4 | |a physico-chemical characterization |2 eng | |
| 650 | 4 | |a encapsulation |2 eng | |
| 650 | 4 | |a microcapsules |2 eng | |
| 650 | 4 | |a polymeric microcapsules |2 eng | |
| 650 | 4 | |a polyelectrolyte complexation |2 eng | |
| 650 | 4 | |a encapsulation of pancreatic islets |2 eng | |
| 650 | 4 | |a surface properties |2 eng | |
| 650 | 4 | |a internal gelation in emulsion |2 eng | |
| 700 | 1 | |a Lacík, Igor |4 ths |X 62118 |7 62118 | |
| 856 | 4 | |u http://is.stuba.sk/zp/portal_zp.pl?podrobnosti=67311 | |
| SQL | |a stuzp15805 |b DDZ |c SLO |d Polyelektrolytové mikrokapsuly: charakterizácia povrchu a príprava interným gélovaním v emulzii |e 21527 |f Treľová, Dušana |g 049370 |h 62118 |i Lacík, Igor |j 20140818 |k 139 |l 04 |m http://is.stuba.sk/zp/portal_zp.pl?podrobnosti=67311 | ||